000 00278nam a2200133Ia 4500
100 _aJulian michael
942 _cBK
654 _aCircuits
245 _aCircuits signals and devices
260 _bLongman
_aHongkong
_c1988
300 _a515
546 _aENGLISH
999 _c23313
_d23313